000 00413nam a2200145Ia 4500
008 100204s9999 xx 000 0 und d
082 _b12639
100 _aबांदोडकर व. पु.
245 _aनि:पात
260 _b"प्रिया प्रकाशन, मुंबई"
_c1990
300 _a174
630 _aनि:पात
730 _aनि:पात
942 _cBOOK
999 _c457071
_d457068